Statystyki dla Quiz o Koninie

Kliknij tutaj aby rozwiązać quiz!

Ogólne statystyki

  • Ten quiz został rozwiązany 25 razy
  • Średni wynik to 3 z 12

Statystyki odpowiedzi

HintOdpowiedź% Poprawnych
KrajPolska
100%
WojewództwoWielkopolskie
100%
PrezydentPiotr Korytkowski
67%
Prawa miejskie1293
28%
Data założenia1283
22%
Strefa numeracyjna63
11%
Powierzchnia82,2km2
6%
Kod pocztowy62-500 do 62-510
0%
Liczba ludności68 483
0%
Gęstość zaludnienia833,1 os/km²
0%
Wysokość88
0%
Tablice rejestracyjnePKO PN
0%

Rozkład punktacji

Percentyl według liczby udzielonych odpowiedzi

Procent ludzi z każdym wynikiem

Twoja historia wyników

Nie rozwiązałeś tego quizu